01250nam a2200265 a 450000100100000000500170001000800410002704000250006808200180009310000430011124500740015426000380022830000210026650000580028750400700034550400330041550502440044865000370069265000430072965000290077265000350080165000500083665100480088671000500093400002169520260123084548.0100910s2006    dr      r     001 0 spa d  aDO-SdBNPbspacBNPHU  a341.37bH557c1 aHernández- Machado Santana, Erick J.10aConvenios de la OIT/DR-Cafta /cErick J. Hernández-Machado Santana.  aSanto Domingo :bManatí,c2006.  a127 p. ;c23 cm.  aIncluye datos biográficos del autor en las solapas.  aIncluye referencias bibliográficas y notas al pie de páginas.  aBibliografía : p. 125-127.0 gPrólogo --tLa soberanía en el ámbito del Derecho Comunitario --tDe las decisiones en la Judicatura Dominicana y las NIT --tJurisprudencia laboral internacional --tConvenios fundamentales en DR-CAFTA --gAnexos --gBibliografía. 4aTratadoszRepública Dominicana 4aTratados comercialeszAmérica Latina 4aDerecho de integración 0aDerecho internacional laboral  4aLegislación laboralxRepública dominicana 4aAmérica LatinaxIntegración Económica2 aOrganización Internacional del Trabajo, OIT